ბათუმის შოთა რუსთაველის სახელმწიფო უნივერსიტეტის ბიბლიოთეკა

Справочник по телевизионной технике. Т.2. (ბიბ.ჩანაწერი № 47891)

000 -LEADER
fixed length control field 00723nam a2200205Ia 4500
001 - CONTROL NUMBER
control field 14768
003 - CONTROL NUMBER IDENTIFIER
control field GE_BSU
008 - FIXED-LENGTH DATA ELEMENTS--GENERAL INFORMATION
fixed length control field 181216s||||||||xx |||||||||||||| ||und||
040 ## - CATALOGING SOURCE
Transcribing agency GE_BSU
080 ## - UNIVERSAL DECIMAL CLASSIFICATION NUMBER
Universal Decimal Classification number 621.397(035.5)
245 ## - TITLE STATEMENT
Title Справочник по телевизионной технике. Т.2.
245 ## - TITLE STATEMENT
Statement of responsibility, etc. Под общей ред. С.И.Катаева; Ред.В.И.Шамшур и В.В.Енютин.
250 ## - EDITION STATEMENT
Edition statement Перевод с англиского с дополнен.
260 ## - PUBLICATION, DISTRIBUTION, ETC.
Place of publication, distribution, etc. М.-Л.
260 ## - PUBLICATION, DISTRIBUTION, ETC.
Name of publisher, distributor, etc. Госэнергоиздат.
260 ## - PUBLICATION, DISTRIBUTION, ETC.
Date of publication, distribution, etc. 1962.
300 ## - PHYSICAL DESCRIPTION
Extent 632 стр. 27 см. с илл.
653 ## - INDEX TERM--UNCONTROLLED
Uncontrolled term Справочник по телевизионной технике.
942 ## - ADDED ENTRY ELEMENTS (KOHA)
Koha item type წიგნი
ეგზემპლარები
Withdrawn status Lost status Damaged status Not for loan Date acquired Barcode Date last seen Price effective from Koha item type
        2018-12-17 10355 2018-12-17 2018-12-17 წიგნი